[Event "Montevideo Duchamp Cup 7th"]
[Site "Montevideo"]
[Date "2024.02.05"]
[Round "5"]
[White "Steiner, Matias"]
[Black "Estrada Nieto, Julian"]
[Result "0-1"]
[WhiteElo "1801"]
[BlackElo "2199"]
[PlyCount "78"]
[EventDate "2024.02.01"]
[EventType "swiss"]
[EventRounds "9"]
[EventCountry "URU"]
[SourceTitle "CB07_2024"]
[SourceDate "2024.02.14"]
[SourceVersion "1"]
[SourceVersionDate "2024.02.14"]
[SourceQuality "1"]

1. e4 e5 2. Nf3 Nc6 3. Bc4 Bc5 4. c3 Nf6 5. d3 a6 6. 0-0 d6 7. Bg5 h6 8. Bh4 Ba7 9. Nbd2 g5 10. Bg3 Qe7 11. b4 Bg4 12. h3 Bd7 13. Re1 Nh5 14. Nf1 Nf4 15. Ne3 Bxe3 16. fxe3 Ng6 17. d4 Nd8 18. a4 h5 19. Be2 g4 20. hxg4 Bxg4 21. Nd2 Bxe2 22. Qxe2 Ne6 23. Nf3 Ng5 24. Nxg5 Qxg5 25. Bf2 0-0-0 26. Kf1 Rdg8 27. Qf3 Ne7 28. Qh3+ Qg4 29. Qxg4+ Rxg4 30. Ke2 Rxg2 31. Rg1 Rxg1 32. Rxg1 Ng6 33. Kf3 Kd7 34. Kg3 Ke6 35. Kh3 d5 36. exd5+ Kxd5 37. dxe5 Rg8 38. Rg5 h4 39. Bxh4 Rh8 0-1

[Event "Montevideo Duchamp Cup 7th"]
[Site "Montevideo"]
[Date "2024.02.04"]
[Round "4"]
[White "Carvalho, Guillermo"]
[Black "Steiner, Matias"]
[Result "1/2-1/2"]
[WhiteElo "2106"]
[BlackElo "1801"]
[PlyCount "70"]
[EventDate "2024.02.01"]
[EventType "swiss"]
[EventRounds "9"]
[EventCountry "URU"]
[SourceTitle "CB07_2024"]
[SourceDate "2024.02.14"]
[SourceVersion "1"]
[SourceVersionDate "2024.02.14"]
[SourceQuality "1"]

1. d4 Nf6 2. Nc3 c5 3. dxc5 Qa5 4. e4 Nxe4 5. Qd4 Nxc3 6. Bd2 e6 7. b4 Nb5 8. Qd3 Qa4 9. Qxb5 Qxc2 10. Bd3 Qb2 11. Rb1 Qxa2 12. Nf3 Nc6 13. 0-0 Nd4 14. Nxd4 Qxd2 15. Rfd1 Qf4 16. Qa4 a6 17. g3 Qb8 18. Be4 Be7 19. Qc2 h6 20. b5 0-0 21. c6 Bd8 22. cxb7 Bxb7 23. bxa6 Bxe4 24. Qxe4 Qa7 25. Qb7 Qxa6 26. Qxd7 Bf6 27. Nc6 Rfc8 28. Ne7+ Bxe7 29. Qxe7 Ra7 30. Rd7 Rxd7 31. Qxd7 Qc6 32. Qe7 Qc7 33. Qb4 Qc6 34. Qe7 Qf3 35. Re1 Qc6 1/2-1/2

[Event "URU-ch sf2"]
[Site "Colonia del Sacramento"]
[Date "2023.02.17"]
[Round "1"]
[White "Garcia Martinez, Alvaro"]
[Black "Steiner, Matias"]
[Result "1-0"]
[WhiteElo "2036"]
[BlackElo "1655"]
[PlyCount "59"]
[EventDate "2023.02.17"]
[EventType "swiss"]
[EventRounds "7"]
[EventCountry "URU"]
[SourceTitle "CBM 213 Extra"]
[Source "ChessBase"]
[SourceDate "2023.05.31"]
[SourceVersion "1"]
[SourceVersionDate "2023.05.31"]
[SourceQuality "1"]

1. d4 Nf6 2. c4 g6 3. Nf3 Bg7 4. Nc3 0-0 5. Bg5 h6 6. Bh4 d6 7. e3 g5 8. Bg3 Bf5 9. h3 Nbd7 10. Bd3 Bxd3 11. Qxd3 c5 12. 0-0 cxd4 13. Nxd4 Ne5 14. Qe2 Qc8 15. b3 Nc6 16. Rad1 Qd7 17. Qf3 Nxd4 18. exd4 Rac8 19. d5 Qc7 20. Nb5 Qa5 21. Nd4 Qxa2 22. Nf5 Rfe8 23. Rfe1 Bf8 24. Ra1 Qd2 25. Re2 Qb4 26. Rxa7 Nd7 27. Ra1 Nc5 28. Rae1 Qxb3 29. Qxb3 Nxb3 30. Nxd6 1-0

[Event "Montevideo Trebejos 50 Anniv op"]
[Site "Montevideo"]
[Date "2022.09.22"]
[Round "6"]
[White "Steiner, Matias"]
[Black "Benitez, Andres"]
[Result "0-1"]
[WhiteElo "1437"]
[BlackElo "1974"]
[PlyCount "156"]
[EventDate "2022.09.17"]
[EventType "swiss"]
[EventRounds "9"]
[EventCountry "URU"]
[SourceTitle "EXT 2023"]
[Source "ChessBase"]
[SourceDate "2022.10.05"]
[SourceVersion "1"]
[SourceVersionDate "2022.10.05"]
[SourceQuality "1"]

1. e4 c6 2. d4 d5 3. exd5 cxd5 4. Nf3 Nf6 5. c4 Nc6 6. Nc3 e6 7. Be2 Be7 8. 0-0 0-0 9. Bf4 dxc4 10. Bxc4 a6 11. a3 b5 12. Ba2 b4 13. Na4 Bd6 14. Bxd6 Qxd6 15. axb4 Nxb4 16. Bc4 Nd7 17. Qe2 Bb7 18. Rfd1 Bd5 19. Nc3 Bxc4 20. Qxc4 Rfc8 21. Qe2 Nf6 22. Qe5 Qb6 23. Na4 Qd8 24. Nc5 Qb6 25. Na4 Qb7 26. Qa5 Nfd5 27. Rdc1 Rxc1+ 28. Rxc1 h6 29. h3 Nd3 30. Rd1 Qb3 31. Qd2 Qxa4 32. Qxd3 Rb8 33. Rc1 Nf4 34. Qe4 Ng6 35. h4 Qb5 36. Rc7 Qxb2 37. Qc6 Qb1+ 38. Kh2 Qb5 39. Qe4 Rd8 40. g4 Qb8 41. Qb7 Qxb7 42. Rxb7 Ra8 43. h5 Nf4 44. Ne5 a5 45. Rxf7 a4 46. Rb7 a3 47. Rb1 a2 48. Ra1 Ne2 49. Nd3 Ra3 50. Nb4 Nc3 51. Kg1 Rb3 52. Nxa2 Ra3 53. Nxc3 Rxa1+ 54. Kg2 Ra3 55. Ne4 Kf7 56. f3 Ke7 57. Kg3 Rd3 58. Kf4 Rxd4 59. Ke5 Rd3 60. Kf4 Rd5 61. Kg3 Ra5 62. Kf4 Ra3 63. Kg3 e5 64. Kf2 Ke6 65. Ke2 Kd5 66. Kf2 Kd4 67. Nd6 Ra2+ 68. Kg3 Kd3 69. Nf5 Ra7 70. Nd6 Rc7 71. Nf5 Rd7 72. Kf2 e4 73. fxe4 Kxe4 74. Kg3 Ra7 75. Kh4 Kf4 76. Nd6 Ra1 77. Kh3 Rh1+ 78. Kg2 Rh4 0-1

[Event "Pan American-ch U18"]
[Site "Montevideo"]
[Date "2022.06.26"]
[Round "1"]
[White "Steiner, Matias"]
[Black "Mendes Domingues, Ribeiro Matheus"]
[Result "0-1"]
[WhiteElo "1593"]
[BlackElo "2153"]
[PlyCount "94"]
[EventDate "2022.06.26"]
[EventType "swiss"]
[EventRounds "9"]
[EventCountry "URU"]
[SourceTitle "EXT 2023"]
[Source "ChessBase"]
[SourceDate "2022.10.05"]
[SourceVersion "1"]
[SourceVersionDate "2022.10.05"]
[SourceQuality "1"]

1. e4 e6 2. d4 d5 3. e5 c5 4. c3 Nc6 5. Nf3 Nge7 6. Bd3 Nf5 7. Bxf5 exf5 8. 0-0 h6 9. dxc5 Bxc5 10. Nbd2 0-0 11. Nb3 Bb6 12. Nbd4 Bxd4 13. cxd4 Qb6 14. b3 a5 15. Ba3 Nb4 16. Qd2 Be6 17. Bxb4 axb4 18. Ne1 Rfc8 19. Nf3 Rc3 20. Rfc1 Rac8 21. Rxc3 bxc3 22. Qd3 f4 23. Rc1 Qb4 24. Rc2 g6 25. Nh4 Rc4 26. h3 Rxd4 27. Qxc3 Rd1+ 28. Kh2 Qxc3 29. Rxc3 d4 30. Rc7 Rd2 31. Nf3 Rxf2 32. Nxd4 Bd5 33. Rc2 Rxc2 34. Nxc2 f6 35. exf6 Kf7 36. Nd4 Kxf6 37. Nf3 Bxf3 38. gxf3 Ke5 39. h4 h5 40. Kg2 Kd4 41. Kf2 Kc3 42. Ke2 Kb2 43. Kd3 Kxa2 44. Kc4 b5+ 45. Kb4 Kb2 46. Kxb5 Kxb3 47. Kc5 Kc3 0-1

[Event "Colonia del Sacramento op 3rd"]
[Site "Colonia del Sacramento"]
[Date "2022.05.21"]
[Round "?"]
[White "Steiner, Matias"]
[Black "Lopez, Aldi"]
[Result "0-1"]
[WhiteElo "1609"]
[BlackElo "2031"]
[PlyCount "90"]
[EventDate "2022.05.20"]
[EventType "swiss"]
[EventRounds "5"]
[EventCountry "URU"]
[SourceTitle "CBM 208 Extra"]
[Source "ChessBase"]
[SourceDate "2022.07.31"]
[SourceVersion "1"]
[SourceVersionDate "2022.07.31"]
[SourceQuality "1"]

1. e4 Nf6 2. e5 Nd5 3. d4 d6 4. c4 Nb6 5. exd6 cxd6 6. Nc3 g6 7. Be3 Bg7 8. Rc1 0-0 9. b3 Nc6 10. Be2 e5 11. dxe5 dxe5 12. Qxd8 Rxd8 13. c5 Nd5 14. Nxd5 Rxd5 15. Bf3 Rd8 16. Ne2 Nb4 17. 0-0 f5 18. Bg5 Re8 19. Nc3 h6 20. Be3 e4 21. Be2 Bxc3 22. Rxc3 Nxa2 23. Rc4 Be6 24. Ra1 g5 25. Rxa2 f4 26. Rxe4 fxe3 27. Rxe3 Bd5 28. Rd3 Bc6 29. h3 Re5 30. b4 Rf8 31. Bg4 Re1+ 32. Kh2 a6 33. f3 Rfe8 34. Bd7 Bxd7 35. Rxd7 R8e7 36. Rxe7 Rxe7 37. Rd2 Kg7 38. Kg3 Rf7 39. Rd5 Kf6 40. Rd6+ Kg7 41. h4 gxh4+ 42. Kxh4 Rf4+ 43. Kh5 Rxb4 44. Rd7+ Kf6 45. Kxh6 Rh4# 0-1

[Event "URU-ch U20"]
[Site "Montevideo"]
[Date "2022.04.02"]
[Round "2"]
[White "Steiner, Matias"]
[Black "Elena, Eduardo"]
[Result "0-1"]
[WhiteElo "1527"]
[BlackElo "1882"]
[PlyCount "86"]
[EventDate "2022.04.01"]
[EventType "swiss"]
[EventRounds "6"]
[EventCountry "URU"]
[SourceTitle "CBM 207 Extra"]
[Source "ChessBase"]
[SourceDate "2022.05.31"]
[SourceVersion "1"]
[SourceVersionDate "2022.05.31"]
[SourceQuality "1"]

1. e4 c5 2. c3 d5 3. exd5 Qxd5 4. Nf3 e6 5. Na3 Nf6 6. Bc4 Qd8 7. 0-0 Be7 8. Nc2 0-0 9. d4 Qc7 10. dxc5 Bxc5 11. Bb3 b6 12. Be3 Bb7 13. Bxc5 bxc5 14. Ne3 Nc6 15. Qe2 Rad8 16. Rad1 Ne5 17. Nxe5 Qxe5 18. Rfe1 Qg5 19. Rxd8 Rxd8 20. Rd1 Rxd1+ 21. Qxd1 Nd5 22. Qg4 Qxg4 23. Nxg4 Nf4 24. f3 Nd3 25. Kf1 Ba6 26. Ke2 Nxb2+ 27. Kd2 Nc4+ 28. Bxc4 Bxc4 29. a4 f6 30. Ne3 Bd5 31. c4 Bc6 32. a5 Kf7 33. Ng4 Ke7 34. Nf2 g5 35. Ne4 Bxe4 36. fxe4 a6 37. g4 h5 38. h3 hxg4 39. hxg4 f5 40. e5 fxg4 41. Ke3 Kf7 42. Kf2 Kg6 43. Kg3 Kf5 0-1